[Event "London Chess Classic op 10th"]
[Site "London"]
[Date "2018.12.10"]
[Round "2"]
[White "Du Toit, Sune"]
[Black "Apaza, Jorge Antonio"]
[Result "1/2-1/2"]
[WhiteElo "1705"]
[BlackElo "1529"]
[PlyCount "263"]
[EventDate "2018.12.09"]
[EventType "swiss"]
[EventRounds "5"]
[EventCountry "ENG"]
[SourceTitle "EXT 2021"]
[Source "ChessBase"]
[SourceDate "2020.10.23"]
[SourceVersion "1"]
[SourceVersionDate "2020.10.23"]
[SourceQuality "1"]

1. e4 d6 2. d4 Nf6 3. Bd3 g6 4. Nf3 Bg7 5. 0-0 Bg4 6. c3 0-0 7. Nbd2 c5 8. Qb3 Qc7 9. e5 Nfd7 10. exd6 exd6 11. h3 Bxf3 12. Nxf3 Nc6 13. Be3 Na5 14. Qd5 c4 15. Bc2 Nf6 16. Qg5 Nc6 17. Qg3 Nd5 18. Bg5 b5 19. Nd2 f5 20. Qf3 Qf7 21. b3 Na5 22. bxc4 bxc4 23. Rab1 Rab8 24. Rfe1 h6 25. Bf4 Rxb1 26. Rxb1 Nxf4 27. Qxf4 Qd5 28. Bd1 g5 29. Qf3 Qe6 30. Rb5 g4 31. hxg4 Qe1+ 32. Nf1 fxg4 33. Qe3 Qxd1 34. Rxa5 Rf7 35. Qe8+ Bf8 36. Qe6 g3 37. Rf5 gxf2+ 38. Rxf2 Qh5 39. Rxf7 Qxf7 40. Qxf7+ Kxf7 41. Ne3 Ke6 42. Nxc4 Kd5 43. Nd2 h5 44. Kf2 Bh6 45. Ke2 Bxd2 46. Kxd2 Ke4 47. Ke2 h4 48. a3 d5 49. Kd2 a6 50. a4 a5 51. Ke2 Kf4 52. Kd2 Kg3 53. c4 Kxg2 54. cxd5 h3 55. d6 h2 56. d7 h1Q 57. d8Q Qh6+ 58. Kc3 Qc1+ 59. Kb3 Qb1+ 60. Kc3 Qb4+ 61. Kd3 Qb3+ 62. Ke4 Qf3+ 63. Ke5 Qg3+ 64. Ke6 Qe3+ 65. Kf7 Qb3+ 66. d5 Qxa4 67. Qg5+ Kf3 68. Qf5+ Ke3 69. Qe5+ Kd3 70. d6 Qd7+ 71. Qe7 Qf5+ 72. Qf6 Qd7+ 73. Kf8 a4 74. Qe7 Qc8+ 75. Kf7 Qf5+ 76. Qf6 Qd7+ 77. Kf8 Kd2 78. Qf2+ Kc3 79. Qe3+ Kb4 80. Qd4+ Kb5 81. Qb2+ Kc6 82. Qc2+ Kxd6 83. Qd3+ Kc6 84. Qc4+ Kb6 85. Qb4+ Ka6 86. Qc4+ Ka5 87. Qc5+ Qb5 88. Qc7+ Kb4 89. Qf4+ Qc4 90. Qd2+ Ka3 91. Qe3+ Qb3 92. Qc1+ Ka2 93. Qd2+ Qb2 94. Qd5+ Qb3 95. Qd2+ Kb1 96. Qe1+ Kb2 97. Qd2+ Qc2 98. Qd4+ Ka3 99. Qe3+ Kb4 100. Qd4+ Qc4 101. Qd2+ Kb5 102. Qd7+ Kb6 103. Qd6+ Qc6 104. Qb4+ Kc7 105. Qe7+ Kc8 106. Qa3 Qf6+ 107. Kg8 Qg5+ 108. Kf7 Qh5+ 109. Ke6 Qe8+ 110. Kd5 Qf7+ 111. Ke4 Qc4+ 112. Kf5 Kb7 113. Qe7+ Kb6 114. Qd6+ Kb5 115. Qb8+ Ka5 116. Qa7+ Kb4 117. Kg6 a3 118. Qe7+ Kb3 119. Qe3+ Qc3 120. Qe6+ Kc2 121. Qe2+ Kb1 122. Qf1+ Ka2 123. Qe2+ Ka1 124. Qf1+ Ka2 125. Qe2+ Qb2 126. Qc4+ Ka1 127. Kh6 Qh2+ 128. Kg6 Qg1+ 129. Kf7 Qf2+ 130. Kg7 Qg3+ 131. Kh6 Qd6+ 132. Kh5 1/2-1/2

[Event "Johannesburg Africa op (Women)"]
[Site "Johannesburg"]
[Date "2015.08.07"]
[Round "1"]
[White "Du Toit, Sune"]
[Black "Adedipe, Mbalenhle"]
[Result "1/2-1/2"]
[WhiteElo "1762"]
[BlackElo "1426"]
[PlyCount "163"]
[EventDate "2015.08.07"]
[EventType "swiss"]
[EventRounds "7"]
[EventCountry "RSA"]
[SourceTitle "EXT 2016"]
[Source "ChessBase"]
[SourceDate "2015.10.08"]
[SourceVersion "1"]
[SourceVersionDate "2015.10.08"]
[SourceQuality "1"]

1. e4 e5 2. Nf3 d6 3. d4 exd4 4. Nxd4 Nf6 5. Nc3 Be7 6. Be2 0-0 7. 0-0 Bd7 8. Be3 Nc6 9. Re1 Re8 10. Nxc6 Bxc6 11. Bf3 Nd7 12. Nd5 Bf8 13. Bd4 Ne5 14. Bc3 g6 15. Be2 Bxd5 16. exd5 Bg7 17. f4 Nd7 18. Bxg7 Kxg7 19. Qd4+ Qf6 20. Qxf6+ Nxf6 21. Bf3 Nd7 22. Kf2 f5 23. g4 fxg4 24. Bxg4 Nb6 25. Be6 Rf8 26. Kg3 Rf6 27. Re4 Re8 28. Rae1 Re7 29. b3 Rf8 30. c4 Kf6 31. Kf3 Rfe8 32. a4 c6 33. a5 Na8 34. Bh3 cxd5 35. Rxe7 Rxe7 36. Rxe7 Kxe7 37. cxd5 Nc7 38. Ke4 Na6 39. Kd4 Nc5 40. b4 Nd7 41. Kc4 h6 42. Kd4 Nf6 43. Bc8 b6 44. axb6 axb6 45. Kc4 Kd8 46. Be6 Nh5 47. f5 g5 48. Kd4 Nf6 49. h3 h5 50. Ke3 g4 51. hxg4 hxg4 52. Kf4 Kc7 53. Bf7 Kd7 54. Be6+ Ke7 55. Ke3 Kf8 56. Kf4 Kg7 57. Kg3 Kh6 58. Kh4 Kg7 59. Kg3 Kf8 60. Kf4 Ke8 61. Kg3 Kd8 62. Kf4 Kc7 63. b5 Kd8 64. Kg3 Ne4+ 65. Kxg4 Nc3 66. Kf4 Nxb5 67. Ke4 Ke7 68. Kd3 Nc7 69. Kc4 Kf6 70. Kd4 b5 71. Bd7 b4 72. Kc4 b3 73. Kxb3 Nxd5 74. Bc6 Ne3 75. Kc3 Nxf5 76. Kd3 Ke5 77. Ba8 Nd4 78. Bb7 Nb3 79. Ba8 Ke6 80. Kc4 Nc5 81. Kd4 Kd7 82. Bh1 1/2-1/2

[Event "Africa-ch (Women)"]
[Site "Windhoek"]
[Date "2014.12.20"]
[Round "7"]
[White "Du Toit, Sune"]
[Black "Rosalina, Sonia"]
[Result "0-1"]
[WhiteElo "1689"]
[BlackElo "1769"]
[PlyCount "70"]
[EventDate "2014.12.13"]
[EventType "swiss"]
[EventRounds "7"]
[EventCountry "NAM"]
[SourceTitle "EXT 2016"]
[Source "ChessBase"]
[SourceDate "2015.10.08"]
[SourceVersion "1"]
[SourceVersionDate "2015.10.08"]
[SourceQuality "1"]

1. e4 c5 2. Nf3 e6 3. d4 cxd4 4. Nxd4 Nc6 5. c4 Nf6 6. Nc3 a6 7. Be2 d6 8. 0-0 Be7 9. Be3 0-0 10. f4 Qc7 11. Rc1 Rd8 12. b3 Bd7 13. Nf3 Be8 14. h3 h6 15. g4 Nd7 16. Qe1 Qa5 17. Qf2 Nb4 18. Na4 Nc5 19. Nxc5 dxc5 20. Ne5 f6 21. Nf3 Nd3 22. Bxd3 Rxd3 23. g5 h5 24. gxf6 gxf6 25. Kh1 Kh7 26. Rg1 Bf7 27. e5 f5 28. Bxc5 Rxf3 29. Qxf3 Qxc5 30. Qxb7 Qe3 31. Qg2 Rg8 32. Qh2 Qf3+ 33. Rg2 Be8 34. Rcc2 Bc6 35. Rcf2 Qxf2 0-1

[Event "Wch U16 Girls"]
[Site "Durban"]
[Date "2014.09.23"]
[Round "6"]
[White "Du Toit, Sune"]
[Black "Suchomelova, Simona"]
[Result "0-1"]
[WhiteElo "1645"]
[BlackElo "1895"]
[PlyCount "52"]
[EventDate "2014.09.20"]
[EventType "swiss"]
[EventRounds "11"]
[EventCountry "RSA"]
[SourceTitle "CBM 162 Extra"]
[Source "ChessBase"]
[SourceDate "2014.10.17"]
[SourceVersion "1"]
[SourceVersionDate "2014.10.17"]
[SourceQuality "1"]

1. e4 c5 2. Nf3 d6 3. d4 cxd4 4. Nxd4 Nf6 5. Nc3 a6 6. a4 Nc6 7. Be2 e6 8. 0-0 Be7 9. Kh1 0-0 10. f4 Bd7 11. Nb3 Rc8 12. Bf3 Qc7 13. Be3 Nb4 14. Rc1 Bc6 15. Nd4 d5 16. Nxc6 bxc6 17. Qe2 c5 18. exd5 exd5 19. Bd2 Rfe8 20. Qf2 Bd6 21. Qh4 d4 22. Ne2 Nbd5 23. Rce1 Ne3 24. Bxe3 Rxe3 25. g3 Qa5 26. b3 Rxf3 0-1

[Event "Windhoek zt 4.3 (Women)"]
[Site "Windhoek"]
[Date "2014.06.23"]
[Round "2"]
[White "Du Toit, Sune"]
[Black "Botlhole, Kgalalelo"]
[Result "0-1"]
[WhiteElo "1692"]
[BlackElo "1773"]
[PlyCount "68"]
[EventDate "2014.06.23"]
[EventType "swiss"]
[EventRounds "9"]
[EventCountry "NAM"]
[SourceTitle "EXT 2015"]
[Source "ChessBase"]
[SourceDate "2014.11.20"]
[SourceVersion "1"]
[SourceVersionDate "2014.11.20"]
[SourceQuality "1"]

1. e4 c5 2. Nf3 d6 3. d4 cxd4 4. Nxd4 Nf6 5. Nc3 a6 6. a4 b6 7. Be2 e6 8. 0-0 Bb7 9. Bf3 Be7 10. Nb3 0-0 11. Qd4 Qc7 12. Rd1 Nbd7 13. Be3 Rac8 14. Rd2 Rfd8 15. Rad1 Nc5 16. Nxc5 dxc5 17. Qc4 Rxd2 18. Rxd2 Nd7 19. Bf4 e5 20. Be3 Nf6 21. Nd5 Nxd5 22. exd5 Bd6 23. Qg4 Rf8 24. Bh6 f5 25. Qg5 Rf6 26. Qh5 Rxh6 27. Qe8+ Bf8 28. Bh5 Qe7 29. c4 Qxe8 30. Bxe8 Rf6 31. Bd7 Bd6 32. Be6+ Kf8 33. Kf1 Ke7 34. Rd3 h6 0-1

[Event "RSA-ch (Women)"]
[Site "Cape Town"]
[Date "2014.01.10"]
[Round "8"]
[White "Govindasamy, Seshni"]
[Black "Du Toit, Sune"]
[Result "1-0"]
[WhiteElo "1612"]
[BlackElo "1719"]
[PlyCount "113"]
[EventDate "2014.01.04"]
[EventType "tourn"]
[EventRounds "11"]
[EventCountry "RSA"]
[SourceTitle "CBM 158 Extra"]
[Source "ChessBase"]
[SourceDate "2014.02.28"]
[SourceVersion "1"]
[SourceVersionDate "2014.02.28"]
[SourceQuality "1"]

1. e4 e5 2. Nf3 Nc6 3. Bc4 Be7 4. c3 Nf6 5. d4 Nxe4 6. Bd5 Ng5 7. Nxe5 Nxe5 8. dxe5 d6 9. exd6 Bxd6 10. 0-0 0-0 11. Re1 h6 12. Bb3 Qf6 13. Be3 Bd7 14. Nd2 Rfd8 15. Bxg5 Qxg5 16. Ne4 Qg6 17. Nxd6 cxd6 18. Re3 Be8 19. Qd4 Qf5 20. Rae1 Qc5 21. Qg4 Qc8 22. Qf4 d5 23. Rg3 Qc6 24. Qd4 g6 25. Re5 Qf6 26. Rf3 Qg7 27. Rd3 Bb5 28. Rxd5 Rxd5 29. Qxg7+ Kxg7 30. Rxd5 Re8 31. h3 Bc6 32. Rd2 Kf6 33. f3 Re5 34. Kf2 h5 35. Rd4 Ke7 36. Rd2 Kf6 37. Re2 Rg5 38. Re3 a6 39. Rd3 Re5 40. Re3 Rg5 41. Re2 Rf5 42. Bc2 Ra5 43. a3 Rg5 44. Be4 Bxe4 45. Rxe4 Rd5 46. Rd4 Rb5 47. Rb4 Rxb4 48. axb4 Ke5 49. Ke3 g5 50. g3 f6 51. f4+ Kd5 52. b3 b5 53. Kd3 h4 54. gxh4 gxh4 55. c4+ bxc4+ 56. bxc4+ Ke6 57. Ke4 1-0

[Event "RSA-ch (Women)"]
[Site "Cape Town"]
[Date "2014.01.08"]
[Round "6"]
[White "Bouah, Denise"]
[Black "Du Toit, Sune"]
[Result "1/2-1/2"]
[WhiteElo "1888"]
[BlackElo "1719"]
[PlyCount "61"]
[EventDate "2014.01.04"]
[EventType "tourn"]
[EventRounds "11"]
[EventCountry "RSA"]
[SourceTitle "CBM 158 Extra"]
[Source "ChessBase"]
[SourceDate "2014.02.28"]
[SourceVersion "1"]
[SourceVersionDate "2014.02.28"]
[SourceQuality "1"]

1. e4 e5 2. Nf3 Nc6 3. Bb5 a6 4. Ba4 Nf6 5. Qe2 b5 6. Bb3 d6 7. c3 Be7 8. d3 0-0 9. 0-0 Bg4 10. h3 Bh5 11. Re1 h6 12. Nbd2 Na5 13. Bc2 c5 14. Nf1 Nh7 15. Ng3 Bg6 16. Nf5 Bxf5 17. exf5 Re8 18. d4 exd4 19. cxd4 Bf6 20. Qxe8+ Qxe8 21. Rxe8+ Rxe8 22. dxc5 dxc5 23. Kf1 Nc4 24. Rb1 Ng5 25. Nd2 Nxd2+ 26. Bxd2 Ne4 27. Be3 Bd4 28. Bxe4 Rxe4 29. Bxd4 Rxd4 30. Ke2 Rd5 31. g4 1/2-1/2

[Event "Wch U16 Girls"]
[Site "Al Ain"]
[Date "2013.12.23"]
[Round "7"]
[White "Hua, Margaret"]
[Black "Du Toit, Sune"]
[Result "1-0"]
[WhiteElo "1922"]
[BlackElo "1728"]
[PlyCount "113"]
[EventDate "2013.12.18"]
[EventType "swiss"]
[EventRounds "11"]
[EventCountry "UAE"]
[SourceTitle "CBM 158 Extra"]
[Source "ChessBase"]
[SourceDate "2014.02.28"]
[SourceVersion "1"]
[SourceVersionDate "2014.02.28"]
[SourceQuality "1"]

1. e4 e5 2. Bc4 Nf6 3. d3 c6 4. Nf3 d6 5. Bb3 Be7 6. Nbd2 0-0 7. 0-0 Bg4 8. Re1 Qc7 9. Nf1 Nbd7 10. h3 Bh5 11. Ng3 Bg6 12. c3 d5 13. Qe2 Bd6 14. Nh4 Rfe8 15. Ngf5 Bf8 16. Qf3 Nc5 17. Bc2 Ne6 18. Qg3 Nh5 19. Qh2 Rad8 20. exd5 Rxd5 21. c4 Nd4 22. Nxd4 Rxd4 23. Nxg6 hxg6 24. Be3 Rd7 25. g4 Nf6 26. Rad1 c5 27. Ba4 Bd6 28. Qg2 Qb6 29. g5 Qa5 30. b3 Rdd8 31. Bxe8 Nxe8 32. f3 Nc7 33. h4 Ne6 34. Re2 Qc7 35. Qh3 Qe7 36. Qg4 b6 37. f4 exf4 38. Bxf4 Bxf4 39. Qxf4 Nxf4 40. Rxe7 a6 41. Rf1 Rd4 42. Re8+ Kh7 43. Re4 Nxd3 44. Rxd4 cxd4 45. Rxf7 Nb4 46. Rd7 Nxa2 47. Rxd4 Nc1 48. Rd6 Nxb3 49. Rxb6 Nc5 50. Rc6 Nd3 51. Rxa6 Kg8 52. Kg2 Kf8 53. Kg3 Ne5 54. c5 Ke7 55. Rd6 Nc4 56. Rxg6 Kf7 57. h5 1-0

[Event "Wch U16 Girls"]
[Site "Al Ain"]
[Date "2013.??.??"]
[Round "8"]
[White "Du Toit, Sune"]
[Black "Trippold, Denise"]
[Result "1/2-1/2"]
[WhiteElo "1728"]
[BlackElo "1789"]
[PlyCount "51"]
[EventDate "2013.12.18"]
[EventType "swiss"]
[EventRounds "11"]
[EventCountry "UAE"]
[SourceTitle "CBM 158 Extra"]
[Source "ChessBase"]
[SourceDate "2014.02.28"]
[SourceVersion "1"]
[SourceVersionDate "2014.02.28"]
[SourceQuality "1"]

1. d4 Nf6 2. c4 e6 3. Nf3 b6 4. g3 Ba6 5. Qc2 Bb7 6. Bg2 c5 7. e3 Be7 8. 0-0 0-0 9. Nc3 d6 10. b3 Nbd7 11. Bb2 Rc8 12. Qe2 a6 13. Rfd1 Qc7 14. Rac1 Qb8 15. Nh4 cxd4 16. exd4 Rfe8 17. Nf3 d5 18. cxd5 Nxd5 19. Nxd5 exd5 20. Qd2 Nf6 21. Ne5 h6 22. Rxc8 Rxc8 23. Rc1 Rxc1+ 24. Qxc1 Qc8 25. Qxc8+ Bxc8 26. Kf1 1/2-1/2

[Event "Wch U16 Girls"]
[Site "Al Ain"]
[Date "2013.??.??"]
[Round "9"]
[White "Virkud, Apurva"]
[Black "Du Toit, Sune"]
[Result "1-0"]
[WhiteElo "1969"]
[BlackElo "1728"]
[PlyCount "87"]
[EventDate "2013.12.18"]
[EventType "swiss"]
[EventRounds "11"]
[EventCountry "UAE"]
[SourceTitle "CBM 158 Extra"]
[Source "ChessBase"]
[SourceDate "2014.02.28"]
[SourceVersion "1"]
[SourceVersionDate "2014.02.28"]
[SourceQuality "1"]

1. d4 d5 2. c4 e6 3. Nc3 Nf6 4. cxd5 exd5 5. Bg5 Be7 6. e3 c6 7. Bd3 0-0 8. Nge2 Nbd7 9. 0-0 Re8 10. f3 Nf8 11. Bh4 Ng6 12. Bf2 Bd6 13. e4 dxe4 14. fxe4 Ng4 15. e5 Nxf2 16. Rxf2 Bf8 17. Qc2 Be6 18. Raf1 Rc8 19. a3 b6 20. Be4 Be7 21. Bd3 Nf8 22. Bf5 Bxf5 23. Qxf5 f6 24. Ne4 fxe5 25. dxe5 Qd7 26. Qf7+ Kh8 27. N2g3 Qe6 28. Qxe6 Nxe6 29. Nf5 Rcd8 30. Ned6 Bxd6 31. Nxd6 Kg8 32. Nxe8 Rxe8 33. Rf7 Nd8 34. Rxa7 Rxe5 35. Ra8 Rd5 36. Rb8 b5 37. b3 g6 38. a4 bxa4 39. bxa4 Kg7 40. a5 Ne6 41. a6 Ra5 42. Rb7+ Kh8 43. a7 Nd8 44. Rb8 1-0

[Event "Wch U14 Girls"]
[Site "Maribor"]
[Date "2012.11.18"]
[Round "11.36"]
[White "Du Toit, Sune"]
[Black "Vidic, Teja"]
[Result "0-1"]
[WhiteElo "1755"]
[BlackElo "1850"]
[PlyCount "68"]
[EventDate "2012.11.08"]
[EventType "swiss"]
[EventRounds "11"]
[EventCountry "SLO"]
[SourceTitle "EXT 2013"]
[Source "ChessBase"]
[SourceDate "2012.11.22"]
[SourceVersion "1"]
[SourceVersionDate "2012.11.22"]
[SourceQuality "1"]

1. d4 d5 2. c4 c6 3. Nf3 e6 4. Qc2 dxc4 5. Qxc4 Nf6 6. g3 b5 7. Qc2 Bb7 8. Bg2 Nbd7 9. 0-0 c5 10. Rd1 Rc8 11. Qd3 Qb6 12. Nc3 c4 13. Qe3 b4 14. Nb1 Nd5 15. Qg5 h6 16. Qg4 N7f6 17. Qh4 Rg8 18. e4 Ne7 19. Ne5 g5 20. Qh3 c3 21. bxc3 bxc3 22. Na3 Nxe4 23. Bxe4 Bxe4 24. f3 Bd5 25. Qf1 f6 26. Ng4 Bg7 27. Qb5+ Qxb5 28. Nxb5 Bxf3 29. Nd6+ Kd7 30. Nxc8 Rxc8 31. Nxf6+ Bxf6 32. Rd3 Be4 33. Rd1 c2 34. Rd2 Rb8 0-1

[Event "Wch U14 Girls"]
[Site "Maribor"]
[Date "2012.11.16"]
[Round "9.25"]
[White "Du Toit, Sune"]
[Black "Schwarz, Larissa"]
[Result "0-1"]
[WhiteElo "1755"]
[BlackElo "1884"]
[PlyCount "86"]
[EventDate "2012.11.08"]
[EventType "swiss"]
[EventRounds "11"]
[EventCountry "SLO"]
[SourceTitle "EXT 2013"]
[Source "ChessBase"]
[SourceDate "2012.11.22"]
[SourceVersion "1"]
[SourceVersionDate "2012.11.22"]
[SourceQuality "1"]

1. d4 Nf6 2. c4 g6 3. Nc3 d5 4. cxd5 Nxd5 5. e4 Nxc3 6. bxc3 Bg7 7. Bc4 c5 8. Ne2 0-0 9. Be3 Nc6 10. 0-0 Qc7 11. Rc1 Rd8 12. Bf4 Qd7 13. d5 Na5 14. Bd3 b5 15. c4 Nxc4 16. Bxc4 bxc4 17. Rxc4 Qb5 18. Rc1 Ba6 19. Ng3 Rac8 20. Re1 c4 21. Rb1 Qa5 22. Qc2 c3 23. Rec1 Rc4 24. Ne2 Rdc8 25. Rb3 Bb5 26. Qd3 R4c5 27. Qc2 Ba4 28. Ra3 Bxc2 29. Rxa5 Rxa5 30. Rxc2 Rb5 31. Bc1 Rcb8 32. Kf1 Rb2 33. Rxc3 Bxc3 34. Nxc3 Rc2 35. Bf4 Rb4 36. Nd1 Rxe4 37. Be3 Ra4 38. a3 Rxa3 39. g3 Rd3 40. Ke1 Ra2 41. h4 Ra1 42. Bd2 Rxd5 43. Ke2 Ra2 0-1

[Event "Wch U14 Girls"]
[Site "Maribor"]
[Date "2012.11.15"]
[Round "8.24"]
[White "Egorova, Ayyna"]
[Black "Du Toit, Sune"]
[Result "1/2-1/2"]
[WhiteElo "1887"]
[BlackElo "1755"]
[PlyCount "96"]
[EventDate "2012.11.08"]
[EventType "swiss"]
[EventRounds "11"]
[EventCountry "SLO"]
[SourceTitle "EXT 2013"]
[Source "ChessBase"]
[SourceDate "2012.11.22"]
[SourceVersion "1"]
[SourceVersionDate "2012.11.22"]
[SourceQuality "1"]

1. d4 d5 2. Nf3 Nf6 3. Bf4 e6 4. e3 c5 5. c3 Nc6 6. Nbd2 Be7 7. Ne5 Nxe5 8. Bxe5 Bd7 9. dxc5 Bxc5 10. Bd3 Bc6 11. Nb3 Bd6 12. Bxd6 Qxd6 13. Nd4 Bd7 14. 0-0 0-0 15. f4 Qb6 16. Qc2 Rfe8 17. Qb3 Qxb3 18. Nxb3 b6 19. Nd4 Kf8 20. Nf3 h6 21. Ne5 Bc8 22. a4 Bb7 23. a5 Rec8 24. a6 Bc6 25. b4 Nd7 26. Nxc6 Rxc6 27. c4 Nf6 28. cxd5 Nxd5 29. Be4 Rd8 30. Bxd5 Rxd5 31. Rac1 Rcd6 32. Rc7 Rd7 33. Rfc1 Ke8 34. Kf2 Rxc7 35. Rxc7 Rd7 36. Rb7 Kd8 37. Rb8+ Kc7 38. Rg8 g6 39. b5 Kd6 40. Rb8 Kc7 41. Rh8 h5 42. Kf3 Kd6 43. Rb8 Kc7 44. Rb7+ Kc8 45. Rxd7 Kxd7 46. Ke4 Kd6 47. Kd4 f6 48. e4 e5+ 1/2-1/2